<?xml version="1.0" encoding="UTF-8"?>
<record
    xmlns:xsi="http://www.w3.org/2001/XMLSchema-instance"
    xsi:schemaLocation="http://www.loc.gov/MARC21/slim http://www.loc.gov/standards/marcxml/schema/MARC21slim.xsd"
    xmlns="http://www.loc.gov/MARC21/slim">

  <leader>02137njm a2200397Ia 4500</leader>
  <controlfield tag="001">C2872</controlfield>
  <controlfield tag="003">IT-RoPAU</controlfield>
  <controlfield tag="005">20220918181110.0</controlfield>
  <controlfield tag="008">131025s9999    xx            000 0 und d</controlfield>
  <datafield tag="040" ind1=" " ind2=" ">
    <subfield code="a">IT-RoPAU</subfield>
  </datafield>
  <datafield tag="040" ind1=" " ind2=" ">
    <subfield code="c">IT-RoPAU</subfield>
  </datafield>
  <datafield tag="041" ind1=" " ind2=" ">
    <subfield code="a">ITALIANO</subfield>
  </datafield>
  <datafield tag="999" ind1=" " ind2=" ">
    <subfield code="c">98898</subfield>
    <subfield code="d">98898</subfield>
  </datafield>
  <datafield tag="999" ind1=" " ind2=" ">
    <subfield code="b">n.d.</subfield>
  </datafield>
  <datafield tag="100" ind1=" " ind2=" ">
    <subfield code="a">Vallesi Paolo</subfield>
    <subfield code="9">29878</subfield>
  </datafield>
  <datafield tag="100" ind1=" " ind2=" ">
    <subfield code="e">Autore musica</subfield>
    <subfield code="9">29879</subfield>
  </datafield>
  <datafield tag="100" ind1=" " ind2=" ">
    <subfield code="g">Codice autore musica SPICS: 33242</subfield>
    <subfield code="9">29880</subfield>
  </datafield>
  <datafield tag="245" ind1=" " ind2=" ">
    <subfield code="a">Non mi tradire</subfield>
  </datafield>
  <datafield tag="250" ind1=" " ind2=" ">
    <subfield code="a">1a ed.</subfield>
  </datafield>
  <datafield tag="260" ind1=" " ind2=" ">
    <subfield code="a">ITALIA</subfield>
  </datafield>
  <datafield tag="260" ind1=" " ind2=" ">
    <subfield code="b">INSIEME S.R.L.</subfield>
    <subfield code="c">1994 [1a Ed.:1994 - Ed. Lingua Orig.: 1994]</subfield>
  </datafield>
  <datafield tag="300" ind1=" " ind2=" ">
    <subfield code="a">COMPACT DISC</subfield>
  </datafield>
  <datafield tag="300" ind1=" " ind2=" ">
    <subfield code="c">52 minuti (Testo: 0 pag.)</subfield>
  </datafield>
  <datafield tag="500" ind1=" " ind2=" ">
    <subfield code="a">Musica leggera. Canzone italiana. Cantautore. Sentimentale.</subfield>
  </datafield>
  <datafield tag="505" ind1=" " ind2=" ">
    <subfield code="a">Non mi tradire (5:00) - Insieme a te (6:00) - Vento di follia (5:00) - L'eterna danza (5:00) - La pelle e il cuore (6:00) - Non mi tradire [(Reprise) (8:00)] - Vedi di non montarti la testa (6:00) - Voglio fare l'amore con te (5:00) - Non si ferma mai (5:00) - In viaggio (6:00) - Bandiere (5:00)</subfield>
  </datafield>
  <datafield tag="650" ind1=" " ind2=" ">
    <subfield code="a">CANTAUTORI [COMPACT DISC]</subfield>
    <subfield code="e">Codice MATERIA SPICS: 9949</subfield>
    <subfield code="9">16479</subfield>
  </datafield>
  <datafield tag="700" ind1=" " ind2=" ">
    <subfield code="a">Vallesi Paolo</subfield>
    <subfield code="g">Codice autore testo/musica SPICS: 33242</subfield>
    <subfield code="e">Autore testo/musica</subfield>
    <subfield code="9">29881</subfield>
  </datafield>
  <datafield tag="700" ind1=" " ind2=" ">
    <subfield code="a">Telonio</subfield>
    <subfield code="g">Codice autore musica SPICS: 40158</subfield>
    <subfield code="e">Autore musica</subfield>
    <subfield code="p">Non mi tradire - Vento di follia - Non mi tradire (Reprise) - Vedi di non montarti la testa - Voglio fare l'amore con te - Non si ferma mai</subfield>
    <subfield code="9">29882</subfield>
  </datafield>
  <datafield tag="700" ind1=" " ind2=" ">
    <subfield code="a">Aldrighetti E.</subfield>
    <subfield code="g">Codice autore musica SPICS: 26688</subfield>
    <subfield code="e">Autore musica</subfield>
    <subfield code="p">Insieme a te</subfield>
    <subfield code="9">29883</subfield>
  </datafield>
  <datafield tag="700" ind1=" " ind2=" ">
    <subfield code="a">Ramazzotti Eros</subfield>
    <subfield code="g">Codice autore testo/musica SPICS: 9804</subfield>
    <subfield code="e">Autore musica</subfield>
    <subfield code="p">Insieme a te</subfield>
    <subfield code="9">29884</subfield>
  </datafield>
  <datafield tag="700" ind1=" " ind2=" ">
    <subfield code="a">Bertallot A.</subfield>
    <subfield code="g">Codice autore musica SPICS: 35812</subfield>
    <subfield code="e">Autore musica</subfield>
    <subfield code="p">L'eterna danza</subfield>
    <subfield code="9">29885</subfield>
  </datafield>
  <datafield tag="700" ind1=" " ind2=" ">
    <subfield code="a">Massari P.</subfield>
    <subfield code="g">Codice autore musica SPICS: 40776</subfield>
    <subfield code="e">Autore musica</subfield>
    <subfield code="p">La pelle e il cuore</subfield>
    <subfield code="9">29886</subfield>
  </datafield>
  <datafield tag="700" ind1=" " ind2=" ">
    <subfield code="a">Dati Beppe</subfield>
    <subfield code="g">Codice autore SPICS: 33211</subfield>
    <subfield code="e">Autore</subfield>
    <subfield code="p">Non si ferma mai - Bandiere</subfield>
    <subfield code="9">29887</subfield>
  </datafield>
  <datafield tag="700" ind1=" " ind2=" ">
    <subfield code="a">Antonacci Biagio</subfield>
    <subfield code="g">Codice autore musica SPICS: 37171</subfield>
    <subfield code="e">Autore musica</subfield>
    <subfield code="p">In viaggio</subfield>
    <subfield code="9">29888</subfield>
  </datafield>
  <datafield tag="700" ind1=" " ind2=" ">
    <subfield code="a">Vallesi Paolo</subfield>
    <subfield code="g">Codice interprete SPICS: 33242</subfield>
    <subfield code="e">interprete</subfield>
    <subfield code="9">29889</subfield>
  </datafield>
  <datafield tag="942" ind1=" " ind2=" ">
    <subfield code="c">CD</subfield>
    <subfield code="2">ddc</subfield>
  </datafield>
  <datafield tag="952" ind1=" " ind2=" ">
    <subfield code="0">0</subfield>
    <subfield code="1">0</subfield>
    <subfield code="4">0</subfield>
    <subfield code="6">C_2872_000000000000000</subfield>
    <subfield code="7">1</subfield>
    <subfield code="a">SPICS</subfield>
    <subfield code="b">SPICS</subfield>
    <subfield code="d">2013-10-25</subfield>
    <subfield code="l">0</subfield>
    <subfield code="o">C2872</subfield>
    <subfield code="r">2013-10-25 00:00:00</subfield>
    <subfield code="w">2013-10-25</subfield>
    <subfield code="y">CD</subfield>
    <subfield code="z">Progr. Ins.: 1169 / N.Vol.: 1 / Copie: 1 - Copia rara: n.d. / date import: 01.01.2014 - By Epidotti, Trombetti, Vaglietti</subfield>
  </datafield>
</record>
